Dokąd dojedziesz polskimi drogami na podstawie wskazówek? - Statystyki

Ogólne statystyki
  • Ten quiz został rozwiązany 36 razy
  • Średni wynik to 11 z 19
Statystyki odpowiedzi
Odpowiedź % Poprawnych
Wjedź na S7 (obwodową Trójmiasta), jedź prosto do węzła {Gdańsk} Południe
100%
Dojedź przez {Poznań} do A2 i na węźle {Poznań} Zachód wróć na S5, kontynuuj podróż tą trasą
79%
Jedź A1 do węzła {Toruń} Południe, zjedź na nim na S10
79%
Kontynuuj podróż DK10 do obwodnicy {Bydgoszczy}
75%
Pod {Grudziądzem} zjedź na DK55, dojedź tą drogą (i DK95) do węzła {Grudziądz} na A1
71%
Przejedź ok. 70 km, na węźle {Elbląg} Wschód kontynuuj podróż S7
67%
Na węźle {Legnica} Południe zjedź na A4
63%
Dojedź S5 do {Gniezna}, zjedź w tym mieście na DK15
58%
Przejedź kolejne 70 km, w {Ostródzie} zjedź na S5
58%
Przed samą granicą w Jędrzychowicach przejedziesz obok {Zgorzelca}
54%
We {Wrześni} zjedź na DK92
54%
Przejedź S3 obok {Lubina}
50%
Zjedź na S5, po drodze przejedziesz obok {Żnina}
50%
Dojedź do {Głogowa}, za miastem wjedź na S3
46%
Przejedź prosto A4 przez węzeł {Krzyżowa} z A18
46%
Zjedź w {Lesznie} na DK12
46%
Zjedź z S5 na DK16 i jedź dalej na zachód, przejeżdżając przez {Iławę}
46%
Przed wjazdem do następnego miasta przejedziesz przez {Swarzędz}
42%
W połowie trasy z poprzedniego miasta do następnego przejedziesz przez {Wschowę}
42%
Nie znaleziono quizów pasujących do podanych kryteriów
Rozkład punktacji
Procent ludzi z każdym wynikiem
Percentyl według liczby udzielonych odpowiedzi
Twoja historia wyników
Nie rozwiązałeś tego quizu